000
00323 a2200133 4500
001
122103
040
_c
Escola Canadense de Niteroi
100
_a
Maria Eduarda Noronha
245
1
0
_a
Datas Comemorativas 2 anos
260
_a
São Paulo
490
0
_a
Construindo e Aprendendo
650
4
_a
Língua Portuguesa
942
_c
BK
999
_c
122103
_d
122103